000
00320nam a2200133Ia 4500
005
20260328101518.0
008
260328s9999||||xx |||||||||||||| ||und||
100
_a
De Coulanges, Fustel
245
0
_a
La Ciudad Antigua /
_c
Fustel De Coulanges
260
_b
Iberia
300
_a
506 p.
650
_a
URBANISMO
942
_c
BK
999
_c
9455
_d
9455